Picture Celebrity Chain #1 - Statistics

General Stats
  • This quiz has been taken 220 times
  • The average score is 11 of 16
Answer Stats
Picture Answer % Correct
Elizabeth II
97%
Michael Jackson
93%
John F. Kennedy
92%
Will Smith
90%
Vladimir Putin
85%
Nelson Mandela
84%
Arnold Schwarzenegger
81%
Bill Clinton
80%
Angela Merkel
67%
Marilyn Monroe
67%
Dalai Lama
66%
Mariah Carey
59%
Fidel Castro
58%
Gérard Depardieu
26%
François Hollande
25%
Yves Montand
7%
No matching quizzes found
Score Distribution
Percent of People with Each Score
Percentile by Number Answered
Your Score History
You have not taken this quiz